In "Was ist Was" besuchte Länder - Statistiken

Allgemein
  • Dieses Quiz wurde 79 mal gespielt
    4 seit der letzten Aktualisierung
  • Das Durchschnittsergebnis liegt bei 42 aus 56
Antworten auf der Karte
Die Antworten werden auf der Karte rot bzw. grün angezeigt, abhängig davon wie oft sie richtig erraten wurden.
 
Antwortstatistiken
Gruppe Anzahl Folgen Land % Korrekt
Serie 2 Ägypten
100%
Alte Hörspielserie (2001-2018) 8 Ägypten
100%
Neue Hörspielserie (seit 2022) 1 Ägypten
100%
Serie 1 Australien
100%
Alte Hörspielserie (2001-2018) 2 Australien
100%
Alte Hörspielserie (2001-2018) 1 Belgien
100%
Alte Hörspielserie (2001-2018) 1 Brasilien
100%
Neue Hörspielserie (seit 2022) 1 Brasilien
100%
Alte Hörspielserie (2001-2018) 1 Chile
100%
Neue Hörspielserie (seit 2022) 1 Chile
100%
Alte Hörspielserie (2001-2018) 2 China
100%
Alte Hörspielserie (2001-2018) alle Deutschland
100%
Serie alle Deutschland
100%
Neue Hörspielserie (seit 2022) alle Deutschland
100%
Serie 1 Frankreich
100%
Neue Hörspielserie (seit 2022) 1 Frankreich
100%
Alte Hörspielserie (2001-2018) 1 Frankreich (Französisch-Polynesien)
100%
Alte Hörspielserie (2001-2018) 1 Indien
100%
Alte Hörspielserie (2001-2018) 1 Island
100%
Alte Hörspielserie (2001-2018) 2 Japan
100%
Neue Hörspielserie (seit 2022) 2 Japan
100%
Alte Hörspielserie (2001-2018) 2 Kanada
100%
Alte Hörspielserie (2001-2018) 3 Mexiko
100%
Serie 1 Norwegen (Spitzbergen)
100%
Alte Hörspielserie (2001-2018) 2 Norwegen (Spitzbergen)
100%
Alte Hörspielserie (2001-2018) 1 Polen
100%
Neue Hörspielserie (seit 2022) 1 Russland
100%
Alte Hörspielserie (2001-2018) 1 Schweden
100%
Alte Hörspielserie (2001-2018) 3 Spanien
100%
Alte Hörspielserie (2001-2018) 6 Vereinigtes Königreich
100%
Neue Hörspielserie (seit 2022) 1 Vereinigtes Königreich
100%
Serie 1 Vereinigte Staaten
100%
Alte Hörspielserie (2001-2018) 9 Vereinigte Staaten
100%
Neue Hörspielserie (seit 2022) 2 Vereinigte Staaten
100%
Alte Hörspielserie (2001-2018) 4 Dänemark
50%
Alte Hörspielserie (2001-2018) 2 Griechenland
50%
Neue Hörspielserie (seit 2022) 1 Griechenland
50%
Alte Hörspielserie (2001-2018) 1 Irak
50%
Alte Hörspielserie (2001-2018) 1 Israel
50%
Serie 2 Italien
50%
Alte Hörspielserie (2001-2018) 3 Italien
50%
Neue Hörspielserie (seit 2022) 1 Jamaika
50%
Alte Hörspielserie (2001-2018) 1 Kenia
50%
Alte Hörspielserie (2001-2018) 1 Mongolei
50%
Alte Hörspielserie (2001-2018) 1 Ruanda
50%
Alte Hörspielserie (2001-2018) 1 Saudi-Arabien
50%
Alte Hörspielserie (2001-2018) 1 Tansania
50%
Alte Hörspielserie (2001-2018) 2 Türkei
50%
Neue Hörspielserie (seit 2022) 1 Türkei
50%
Alte Hörspielserie (2001-2018) 1 Ecuador (Galapagos-Inseln)
0%
Alte Hörspielserie (2001-2018) 1 Kap Verde
0%
Alte Hörspielserie (2001-2018) 1 Kroatien
0%
Alte Hörspielserie (2001-2018) 1 Mauritius
0%
Alte Hörspielserie (2001-2018) 1 Österreich
0%
Alte Hörspielserie (2001-2018) 1 Vatikanstadt
0%
Alte Hörspielserie (2001-2018) 2 Vereinigte Arabische Emirate
0%
Keine übereinstimmenden Quizze gefunden
Verteilung der Resultate
Anzahl Personen mit jedem Resultat
Perzentil nach korrekt beantworteten Fragen
Ihre Resultats-Entwicklung
Sie haben dieses Quiz seit der letzten Aktualisierung nicht gespielt